00538pab a2200157 454500008004000000100002100040245009300061260000900154300001200163362000800175650002100183773004500204909001000249999001700259952010400276180718b1995 xxu||||| |||| 00| 0 eng d aBrudney, Jeffrey aThe adoption of innovation by smaller local governments: the case of computer technology c1995 ap.71-85 aMar aLocal government aAmerican Review of Public Administration a35346 c35346d35346 00104070aIIPAbIIPAd2018-07-19hVolume no: 25, Issue no: 1pAR35590r2018-07-19w2018-07-19yAR